000 01053nam a22002297a 4500
005 20130904130431.0
008 110912r2008 ck a gr 00010 spa d
020 _a9789588343259
041 0 _aspa
044 _ack
082 0 4 _a333.72
_bC172g
100 1 _aCamacho-Rojas, Adisedit
_92021
245 1 0 _aGuía de trabajo para la implementación del plan de acción en biodiversidad de la cuenca del Orinoco, Colombia 2005-2015 /
_cAdisedit Camacho Rojas y Elvinia Santana Castañeda.
260 _aBogotá
_bInstituto de Investigación de Recursos Biológicos Alexander von Humboldt,
_c2008.
300 _a100 p. :
_bil. ;
_c19 x 23 cm.
504 _aIncluye referencias bibliográficas.
650 4 _aConservación de los recursos naturales
_v Guías.
_z Orinoquía (Región, Colombia)
_92022
650 4 _aPolítica ambiental
_v Guías.
_z Orinoquía (Región, Colombia)
_92023
650 4 _aConservación de la naturaleza
_v Guías.
_z Orinoquía (Región, Colombia)
_92024
700 1 _aSantana-Castañeeda, Elvinia.
_92025
942 _2ddc
_cImpreso
999 _c7654
_d7654